00609nam a2200193Ia 4500008004100000020001500041082001600056100002400072245003500096250000700131260003700138300002800175500001900203600002700222650001500249942000700264952012900271999001500400240925s9999 xx 000 0 und d a007100887X a621.317 ROU aRoulston ,David J. 0aBipolar Semiconductor Devices  aNA aKarachi:bStandard Booksc,1990. axxi,422p.bNAfOriginal aIncludes Index aEngineering Technology aTechnology cBK 011440708ETaUITUbUITUd2000-01-26eJumbo Book Sale g195.00l0o621.317 ROUpQ2279r2024-09-25 07:12:43w2024-09-25yBK c4778d4778